<?xml version="1.0" encoding="UTF-8"?>
<marc:record xmlns:marc="http://www.loc.gov/MARC21/slim">
   <marc:leader>00000nam a2200000 a 4500</marc:leader>
   <marc:datafield ind1="1" ind2=" " tag="100">
      <marc:subfield code="a">Firlei, Klaus</marc:subfield>
   </marc:datafield>
   <marc:datafield ind1=" " ind2=" " tag="653">
      <marc:subfield code="a">Psychotherapie</marc:subfield>
   </marc:datafield>
   <marc:datafield ind1=" " ind2=" " tag="653">
      <marc:subfield code="a">Psychotherapie / Recht</marc:subfield>
   </marc:datafield>
   <marc:datafield ind1=" " ind2=" " tag="653">
      <marc:subfield code="a">Recht / Psychotherapie / Zeitschrift / Österreich</marc:subfield>
   </marc:datafield>
   <marc:datafield ind1=" " ind2=" " tag="653">
      <marc:subfield code="a">Recht</marc:subfield>
   </marc:datafield>
   <marc:datafield ind1=" " ind2=" " tag="653">
      <marc:subfield code="a">Psychotherapie / Recht / Zeitschrift / Österreich</marc:subfield>
   </marc:datafield>
   <marc:datafield ind1=" " ind2=" " tag="653">
      <marc:subfield code="a">Recht / Psychotherapie</marc:subfield>
   </marc:datafield>
   <marc:datafield ind1="0" ind2="0" tag="245">
      <marc:subfield code="a">Jahrbuch für Psychotherapie und Recht ; IV / V</marc:subfield>
   </marc:datafield>
   <marc:datafield ind1="0" ind2="0" tag="245">
      <marc:subfield code="c">Klaus Firlei ...  (Hg.)</marc:subfield>
   </marc:datafield>
   <marc:datafield ind1=" " ind2="1" tag="264">
      <marc:subfield code="a">Wien</marc:subfield>
      <marc:subfield code="b">Facultas</marc:subfield>
      <marc:subfield code="c">2005</marc:subfield>
   </marc:datafield>
   <marc:datafield ind1="1" ind2=" " tag="490">
      <marc:subfield code="a">Jahrbuch für Psychotherapie und Recht</marc:subfield>
      <marc:subfield code="v">4 + 5</marc:subfield>
   </marc:datafield>
   <marc:datafield ind1="1" ind2=" " tag="520">
      <marc:subfield code="a">Der Doppelband IV/V des Jahrbuchs Psychotherapie und Recht beschäftigt sich schwerpunktmäßig mit dem Thema "Anstellung des Psychotherapeuten": Welche Besonderheiten sind im Rahmen eines Dienstverhältnisses in einer Institution zu bedenken? Mit welchen Veränderungen und Problemen hat der Psychotherapeut im Unterschied zur Freiberuflichkeit zu rechnen? Wem untersteht der Psychotherapeut in einer Krankenanstalt? Wie sind die dienstrechtlichen Anforderungen an die psychotherapeutische Betreuung?##Weiters werden thematisiert##* beratungsrelevante Aspekte des Mobbings;#* die strafrechtliche Bedeutung der Online-Beratung;#* damit in Zusammenhang die neue Internet-Richtlinie für Psychotherapeutinnen und Psychotherapeuten;#* die neuesten arbeits- und sozialrechtlichen Entscheidungen, die die Ausübung der Psychotherapie unmittelbar betreffen;#* die Information für Psychotherapeutinnen und Psychotherapeuten zur Einholung der Einwilligung in der Kinder- und Jugendlichenpsychotherapie sowie#* neue Gesetze im Zusammenhang mit Psychotherapie (Psychotherapie in Kinderschutzgruppen, Psychotherapie mit Verbrechensopfern).</marc:subfield>
   </marc:datafield>
   <marc:datafield ind1=" " ind2=" " tag="020">
      <marc:subfield code="a">9783850766838</marc:subfield>
      <marc:subfield code="9">9783850766838</marc:subfield>
   </marc:datafield>
   <marc:datafield ind1=" " ind2=" " tag="300">
      <marc:subfield code="a">172 S.</marc:subfield>
   </marc:datafield>
</marc:record>
